| 000 | 00000nas##2200000za#4500 |
| 001 | 9.507166 |
| 003 | CaOODSP |
| 005 | 20200325101155 |
| 007 | cr ||||||||||| |
| 008 | 150406c1995||||xxc|| p o||||f| |0eng|d |
| 022 | |a1493-5546 |
| 040 | |aCaOODSP|beng |
| 043 | |an-cn--- |
| 086 | 1 |aMP32-27E-PDF |
| 110 | 1 |aCanada.|bHuman Resources Development Canada. |bApplied Research Branch. |
| 245 | 10|aApplied research bulletin |h[electronic resource] |
| 260 | |aOttawa - Ontario : |bHuman Resources Development Canada. |
| 310 | |aQuarterly |
| 362 | 1 |a[Vol. 1, no. 2, summer 1995]-- |
| 500 | |aThe ISSN (1483-2852) for the print edition has been copied in some of the PDF editions. |
| 520 | 3 |aThe Applied Research Bulletin is a Human Resources Development Canada document summarizing recent work of a research or analytical nature carried out under the auspices of the Applied Research Branch, Strategic Policy |
| 690 | 07|aEducation|2gcpds |
| 690 | 07|aIncome|2gcpds |
| 690 | 07|aLabour force|2gcpds |
| 775 | 08|tLa recherche appliquée |w(CaOODSP)9.503556 |
| 776 | 0#|tApplied research bulletin |w(CaOODSP)9.508584 |
| 776 | 0#|tLa recherche appliquée |w(CaOODSP)9.508585 |